[Event "2nd GMA World Cup prel  #3"]
[Site "Palma de Mallorca"]
[Date "1989.??.??"]
[Round "7"]
[White "Gurgenidze, Bukhuti"]
[Black "Velikov, Petar"]
[Result "1/2-1/2"]
[WhiteElo "2360"]
[BlackElo "2480"]
[EventDate "1989.12.??"]
[PlyCount "100"]

1.e4 c5 2.Nc3 Nc6 3.Bb5 Nd4 4.Nge2 Nxb5 5.Nxb5 e6 6.O-O d6 7.d4 a6 8.Nbc3 
cxd4 9.Qxd4 Qa5 10.Bf4 e5 11.Qd5 Qc7 12.Bg5 h6 13.Be3 Nf6 14.Qd3 Be7 15.a4
b6 16.Nd5 Nxd5 17.Qxd5 Rb8 18.Qd3 Be6 19.b3 O-O 20.c4 Bg5 21.Nc3 Bxe3 22.
Qxe3 Qc5 23.Rfe1 Rfd8 24.Rab1 Kf8 25.Qd3 Rbc8 26.h3 Qb4 27.Red1 Qc5 28.Qf3
Qb4 29.Kh2 Rc6 30.Qe3 Qc5 31.Qe1 Qb4 32.Rd3 Rdc8 33.Nd5 Qxe1 34.Rxe1 Bxd5 
35.Rxd5 Ke7 36.Red1 Rd8 37.g3 Rc5 38.Kg2 Rxd5 39.Rxd5 Rc8 40.Rd2 Rc5 41.
Ra2 g6 42.f3 Ke6 43.Kf2 f5 44.Ke2 h5 45.Kd3 a5 46.Re2 Rc8 47.b4 fxe4+ 48.
fxe4 Rf8 49.bxa5 bxa5 50.Ke3 Rc8 1/2-1/2

[Event "2nd GMA World Cup prel  #3"]
[Site "Palma de Mallorca"]
[Date "1989.??.??"]
[Round "7"]
[White "Douven, Rudy"]
[Black "Gurieli, Nino"]
[Result "1/2-1/2"]
[WhiteElo "2475"]
[BlackElo "2355"]
[EventDate "1989.12.??"]
[PlyCount "131"]

1.d4 d6 2.c4 e5 3.Nf3 exd4 4.Nxd4 g6 5.Nc3 Bg7 6.e4 Ne7 7.Bg5 O-O 8.Be2 
Nbc6 9.Nxc6 bxc6 10.Qd2 Rb8 11.O-O Be6 12.Rad1 f6 13.Bh4 Qd7 14.c5 d5 15.
Bc4 Rfd8 16.exd5 cxd5 17.Rfe1 Nf5 18.Nxd5 Kh8 19.Qe2 Bxd5 20.Rxd5 Qc6 21.
Rxd8+ Rxd8 22.Bg3 Qxc5 23.Bf4 g5 24.Bd2 Nd4 25.Qe7 Qxe7 26.Rxe7 Nc6 27.
Rxc7 Rxd2 28.Rxc6 h5 29.b4 Rd1+ 30.Bf1 Rd7 31.h3 Kh7 32.b5 f5 33.g3 Rd2 
34.Rc5 Rxf2 35.Kxf2 Bd4+ 36.Kf3 Bxc5 37.Bd3 Kg6 38.g4 hxg4+ 39.hxg4 Kf6 
40.gxf5 Ke5 41.Kg4 Kd4 42.Be2 Be7 43.Kh5 Ke3 44.Bf1 Kf2 45.Bc4 Ke3 46.Kg6 
g4 47.f6 Bf8 48.Kf7 g3 49.Bd5 Kd4 50.Bg2 Bh6 51.Ke8 Kc5 52.Bf1 Kb4 53.f7 
Ka3 54.f8=Q+ Bxf8 55.Kxf8 Kxa2 56.Ke7 Kb3 57.Kd6 Kb4 58.Kc6 Ka5 59.Kc5 Ka4
60.Bg2 Kb3 61.Bc6 Kc3 62.Bd5 Kd3 63.Kb4 Kd4 64.Bg2 Kd3 65.Ka5 Kc4 66.Ka6 
1/2-1/2

[Event "2nd GMA World Cup prel  #3"]
[Site "Palma de Mallorca"]
[Date "1989.??.??"]
[Round "7"]
[White "Veroci-Petronic, Zsuzsa"]
[Black "Averbakh, Yury"]
[Result "1/2-1/2"]
[WhiteElo "2340"]
[BlackElo "2470"]
[EventDate "1989.12.??"]
[PlyCount "23"]

1.e4 e5 2.Nf3 Nc6 3.Bb5 a6 4.Ba4 Nf6 5.O-O Be7 6.Re1 b5 7.Bb3 d6 8.a4 Bd7 
9.c3 Na5 10.Bc2 c5 11.d3 O-O 12.Nbd2 1/2-1/2

[Event "2nd GMA World Cup prel  #3"]
[Site "Palma de Mallorca"]
[Date "1989.??.??"]
[Round "7"]
[White "Lukov, Valentin"]
[Black "Izeta Txabarri, Felix"]
[Result "1-0"]
[WhiteElo "2435"]
[BlackElo "2340"]
[EventDate "1989.12.??"]
[PlyCount "107"]

1.Nf3 Nf6 2.g3 b5 3.Bg2 Bb7 4.O-O e6 5.d3 d5 6.c4 dxc4 7.dxc4 Qxd1 8.Rxd1 
b4 9.Bf4 Nbd7 10.Bxc7 Rc8 11.Bf4 Bc5 12.Nbd2 h6 13.Nb3 Bb6 14.Rac1 Ba6 15.
e3 Rxc4 16.Bd6 Ne4 17.Rxc4 Bxc4 18.Bxb4 Bxb3 19.axb3 Bc5 20.Bc3 Ndf6 21.
Nd2 Nxd2 22.Rxd2 Ke7 23.Rc2 Bd6 24.Bd4 a5 25.Bb6 Rb8 26.Bxa5 Rxb3 27.Bc3 
g6 28.Bc6 Ng4 29.Ba4 Rb8 30.h3 Ne5 31.Kf1 Nd3 32.Ke2 Nc5 33.Bc6 Rb6 34.Bd4
Rxc6 35.b4 Kd7 36.Bxc5 Bxc5 37.bxc5 Ra6 38.Rd2+ Kc7 39.Kd3 Ra1 40.Kd4 f6 
41.Rb2 Ra4+ 42.Kd3 Ra3+ 43.Kc4 Ra4+ 44.Kb5 Ra1 45.e4 g5 46.Rb3 h5 47.Rf3 
Rb1+ 48.Kc4 Rc1+ 49.Kd4 Rd1+ 50.Ke3 Re1+ 51.Kd3 Rh1 52.Rxf6 Rxh3 53.Rxe6 
h4 54.Rh6 1-0

[Event "2nd GMA World Cup prel  #3"]
[Site "Palma de Mallorca"]
[Date "1989.??.??"]
[Round "7"]
[White "Ochoa de Echaguen, Javier"]
[Black "Voiska, Margarita"]
[Result "1-0"]
[WhiteElo "2435"]
[BlackElo "2335"]
[EventDate "1989.12.??"]
[PlyCount "111"]

1.e4 e5 2.Nf3 Nc6 3.Nc3 Nf6 4.d4 exd4 5.Nxd4 Bb4 6.Nxc6 bxc6 7.Bd3 d5 8.
exd5 cxd5 9.Qe2+ Qe7 10.Qxe7+ Kxe7 11.Bd2 Be6 12.a3 Bd6 13.Nb5 Be5 14.f4 
Bd6 15.f5 Bd7 16.Nxd6 Kxd6 17.Bf4+ Kc6 18.O-O Kb7 19.c4 Rhe8 20.Rac1 c6 
21.Rc3 d4 22.Rb3+ Kc8 23.c5 a5 24.Ba6+ Kd8 25.Bc4 Ne4 26.Rd3 Nxc5 27.Rxd4 
Re4 28.Rxe4 Nxe4 29.Bxf7 Bxf5 30.Ba2 Bg6 31.Be5 Nf6 32.Bxf6+ gxf6 33.Rxf6 
Kc7 34.Rf2 Re8 35.Rd2 Re1+ 36.Kf2 Ra1 37.Bb3 Rb1 38.Ke3 Kb6 39.g3 Kb5 40.
Bc2 Bxc2 41.Rxc2 Ka4 42.h4 c5 43.h5 Kb5 44.Kf4 Rf1+ 45.Kg5 Rg1 46.Rc3 Rg2 
47.b3 c4 48.bxc4+ Kc5 49.Kh6 a4 50.Kxh7 Rb2 51.g4 Rg2 52.Kg6 Rxg4+ 53.Kf5 
Rh4 54.Kg5 Rh1 55.Rg3 Kxc4 56.h6 1-0

[Event "2nd GMA World Cup prel  #3"]
[Site "Palma de Mallorca"]
[Date "1989.??.??"]
[Round "7"]
[White "Donaldson-Akhmilovskaya, Elena"]
[Black "Madl, Ildiko"]
[Result "0-1"]
[WhiteElo "2430"]
[BlackElo "2310"]
[EventDate "1989.12.??"]
[PlyCount "76"]

1.d4 c5 2.d5 e6 3.c4 exd5 4.cxd5 d6 5.Nc3 g6 6.e4 Bg7 7.f4 Nh6 8.Nf3 O-O 
9.Be2 Bg4 10.O-O Bxf3 11.Bxf3 Nd7 12.g4 f6 13.Kg2 Qe7 14.h4 Rae8 15.g5 Nf7
16.Nb5 Nb6 17.a4 a6 18.Nc3 Nd7 19.Qe1 c4 20.Be3 b6 21.Qg3 Nc5 22.Rae1 Nd3 
23.Re2 Nd8 24.Rh1 Qf7 25.Bg4 fxg5 26.hxg5 Nxf4+ 27.Bxf4 Qxf4 28.Qh3 h5 29.
gxh6 Be5 30.Nd1 Kh8 31.Rf2 Qxe4+ 32.Bf3 Qf5 33.Qxf5 Rxf5 34.Ne3 Rg5+ 35.
Ng4 Rf8 36.Re1 Rf4 37.Kh3 Nf7 38.Re4 Rgxg4 0-1

[Event "2nd GMA World Cup prel  #3"]
[Site "Palma de Mallorca"]
[Date "1989.??.??"]
[Round "7"]
[White "Comas i Fabrego, Lluis"]
[Black "Spiridonov, Nikola"]
[Result "1-0"]
[WhiteElo "2335"]
[BlackElo "2400"]
[EventDate "1989.12.??"]
[PlyCount "105"]

1.d4 Nf6 2.c4 g6 3.Nc3 d5 4.Bg5 Ne4 5.cxd5 Nxc3 6.bxc3 Qxd5 7.Nf3 c5 8.e3 
Bg7 9.Be2 cxd4 10.cxd4 Nc6 11.O-O O-O 12.Bf4 Bf5 13.Qa4 a6 14.Rfc1 Rac8 
15.Qd1 Rfd8 16.Bc4 Qd7 17.Qb3 e6 18.Qb6 h6 19.h3 g5 20.Bg3 Bg6 21.Be2 Qe7 
22.Kh1 Nb4 23.Ne5 Be4 24.Bh5 Bxe5 25.Bxe5 Nd3 26.Rxc8 Rxc8 27.Bg3 Qb4 28.
Qxb4 Nxb4 29.Bd1 b5 30.Kg1 f6 31.Bd6 Nd5 32.Bb3 Rc6 33.Bc5 Kf7 34.a4 Bd3 
35.axb5 Bxb5 36.h4 Nb6 37.Kh2 Nd7 38.Bb4 f5 39.d5 exd5 40.Bxd5+ Re6 41.Rc1
Nf6 42.Rc7+ Bd7 43.Bb3 gxh4 44.Kh3 Kg6 45.Bxe6 Bxe6 46.Kxh4 Ng4 47.Bc3 h5 
48.f3 Nf2 49.Rc6 Kf7 50.Rxa6 Nd3 51.Kxh5 Nc5 52.Ra7+ Ke8 53.Kg5 1-0

[Event "2nd GMA World Cup prel  #3"]
[Site "Palma de Mallorca"]
[Date "1989.??.??"]
[Round "7"]
[White "Erenska-Radzewska, Hanna"]
[Black "Shamkovich, Leonid"]
[Result "1/2-1/2"]
[WhiteElo "2265"]
[BlackElo "2425"]
[EventDate "1989.12.??"]
[PlyCount "23"]

1.e4 d6 2.d4 g6 3.c3 Bg7 4.Bd3 Nc6 5.Nf3 Nf6 6.O-O O-O 7.h3 e5 8.dxe5 dxe5
9.Na3 Nh5 10.Bg5 Bf6 11.Bh6 Bg7 12.Bg5 1/2-1/2

[Event "2nd GMA World Cup prel  #3"]
[Site "Palma de Mallorca"]
[Date "1989.??.??"]
[Round "7"]
[White "Maric, Alisa"]
[Black "Denker, Arnold"]
[Result "1-0"]
[WhiteElo "2355"]
[BlackElo "2320"]
[EventDate "1989.12.??"]
[PlyCount "87"]

1.Nf3 Nf6 2.c4 c5 3.g3 d5 4.cxd5 Nxd5 5.Bg2 Nc6 6.Nc3 Nxc3 7.bxc3 e5 8.d3 
Be7 9.O-O O-O 10.Rb1 Qc7 11.Be3 Rb8 12.a4 b6 13.Nd2 Be6 14.Qc2 Rbd8 15.f4 
exf4 16.Bxf4 Bd6 17.Bxd6 Qxd6 18.Ne4 Qe7 19.Nf6+ gxf6 20.Bxc6 Bh3 21.Rf4 
Qe3+ 22.Kh1 f5 23.Bf3 Rfe8 24.Rh4 Bg4 25.Bxg4 fxg4 26.Rxg4+ Kh8 27.Rf1 
Qxe2 28.Qxe2 Rxe2 29.Rxf7 h5 30.Re4 Rxe4 31.dxe4 Kg8 32.Rxa7 Rd3 33.Rb7 
Rxc3 34.Rxb6 Ra3 35.Rh6 Rxa4 36.Rxh5 Rc4 37.Kg2 Kf7 38.Kf3 Rc1 39.h4 Ke6 
40.Rd5 c4 41.h5 Rf1+ 42.Kg4 Re1 43.Kf4 Rf1+ 44.Kg5 1-0

[Event "2nd GMA World Cup prel  #3"]
[Site "Palma de Mallorca"]
[Date "1989.??.??"]
[Round "7"]
[White "Arakhamia, Ketevan"]
[Black "Polihroniade, Elisabeta"]
[Result "1-0"]
[WhiteElo "2405"]
[BlackElo "2170"]
[EventDate "1989.12.??"]
[PlyCount "69"]

1.e4 e5 2.Nf3 Nc6 3.Bb5 a6 4.Ba4 g6 5.c3 d6 6.d4 Bd7 7.Bg5 Be7 8.Be3 Nf6 
9.Nbd2 Ng4 10.Nf1 O-O 11.Bd2 Re8 12.Ng3 Bf8 13.O-O Bg7 14.h3 Nf6 15.Bc2 h6
16.d5 Ne7 17.c4 c5 18.b4 b6 19.bxc5 bxc5 20.Rb1 Qc7 21.Qc1 Kh7 22.Qa3 Qa7 
23.Ne1 Nfg8 24.f4 exf4 25.Bxf4 Qc7 26.Nd3 f5 27.Kh1 g5 28.Bd2 f4 29.e5 Ng6
30.Nxf4 gxf4 31.Bxg6+ Kxg6 32.Qd3+ Kf7 33.Bxf4 Nf6 34.exf6 Bxf6 35.Qh7+ 
1-0

[Event "2nd GMA World Cup prel  #3"]
[Site "Palma de Mallorca"]
[Date "1989.??.??"]
[Round "7"]
[White "Ballester Sanz, Joaquin"]
[Black "Heemskerk, Fenny"]
[Result "1-0"]
[WhiteElo "2250"]
[BlackElo "2020"]
[EventDate "1989.12.??"]
[PlyCount "75"]

1.e4 d6 2.d4 g6 3.Nc3 Bg7 4.Be3 Nf6 5.f3 Nbd7 6.Qd2 e5 7.d5 a6 8.h4 h5 9.
Bg5 b5 10.Nh3 b4 11.Nd1 Rb8 12.Nhf2 Nc5 13.Ne3 Bd7 14.Nd3 Nxd3+ 15.cxd3 
Bb5 16.d4 Qd7 17.dxe5 dxe5 18.Qxb4 Qd6 19.Qxd6 cxd6 20.Bxb5+ Rxb5 21.Nc4 
Kd7 22.O-O Rc8 23.Rfc1 Ne8 24.Be3 Rcb8 25.b3 f5 26.Nd2 Nf6 27.Rc6 f4 28.
Bf2 Nxd5 29.exd5 Rxd5 30.Rxa6 Rxd2 31.Ra7+ Ke6 32.Rxg7 Kf6 33.Rc7 Ra8 34.
a4 Rb2 35.a5 Rxb3 36.a6 d5 37.a7 d4 38.Ra6+ 1-0

[Event "2nd GMA World Cup prel  #3"]
[Site "Palma de Mallorca"]
[Date "1989.??.??"]
[Round "8"]
[White "Romanishin, Oleg"]
[Black "Gurevich, Mikhail"]
[Result "1/2-1/2"]
[WhiteElo "2515"]
[BlackElo "2640"]
[EventDate "1989.12.??"]
[PlyCount "39"]

1.e4 d6 2.Nc3 g6 3.f4 Bg7 4.Nf3 Nf6 5.g3 e5 6.d3 O-O 7.Bg2 exf4 8.Bxf4 d5 
9.O-O c6 10.exd5 Nxd5 11.Nxd5 Qxd5 12.c3 Qd8 13.Qd2 Bf5 14.d4 Nd7 15.Rae1 
Re8 16.Bh6 Qc7 17.Bxg7 Kxg7 18.c4 Rxe1 19.Rxe1 Nf6 20.Qb4 1/2-1/2

[Event "2nd GMA World Cup prel  #3"]
[Site "Palma de Mallorca"]
[Date "1989.??.??"]
[Round "8"]
[White "Polugaevsky, Lev"]
[Black "Velimirovic, Dragoljub"]
[Result "0-1"]
[WhiteElo "2595"]
[BlackElo "2535"]
[EventDate "1989.12.??"]
[PlyCount "112"]

1.d4 Nf6 2.Nf3 c5 3.d5 g6 4.Nc3 Bg7 5.e4 d6 6.Be2 Na6 7.O-O Nc7 8.a4 a6 9.
Bf4 O-O 10.Re1 Bg4 11.Nd2 Bxe2 12.Qxe2 Nd7 13.Nc4 b5 14.Na5 b4 15.Nc6 Qe8 
16.Nd1 a5 17.Bg5 f6 18.Bd2 e6 19.Ne3 exd5 20.Nxd5 Nxd5 21.exd5 Qxe2 22.
Rxe2 f5 23.Bf4 Bxb2 24.Rd1 Rf6 25.Rde1 Ne5 26.Nxe5 dxe5 27.Bxe5 Bxe5 28.
Rxe5 Rd6 29.Kf1 Rad8 30.Re8+ Rxe8 31.Rxe8+ Kf7 32.Ra8 Rxd5 33.Rxa5 Ke6 34.
Rb5 Kd6 35.Ke2 Kc6 36.Rb8 Rd7 37.a5 Kd5 38.a6 Kc6 39.h4 Ra7 40.Kd3 Rxa6 
41.h5 Kd5 42.Rb7 gxh5 43.Rxh7 c4+ 44.Kd2 Ra2 45.Kc1 Ra1+ 46.Kb2 Rf1 47.
Rxh5 Rxf2 48.g4 Kd4 49.gxf5 b3 50.Rh4+ Kc5 51.Kb1 Rxc2 52.Rf4 Ra2 53.Rf3 
Kd4 54.Rf4+ Kd5 55.Rf3 Ke4 56.Rh3 Rf2 0-1

[Event "2nd GMA World Cup prel  #3"]
[Site "Palma de Mallorca"]
[Date "1989.??.??"]
[Round "8"]
[White "Zaichik, Gennadi"]
[Black "Dolmatov, Sergei"]
[Result "1/2-1/2"]
[WhiteElo "2500"]
[BlackElo "2615"]
[EventDate "1989.12.??"]
[PlyCount "80"]

1.Nf3 f5 2.d3 Nf6 3.Bg5 d5 4.Bxf6 exf6 5.g3 Nc6 6.Bg2 Be6 7.c3 Qd7 8.Nbd2 
Bd6 9.Qa4 a6 10.O-O O-O 11.e3 Bf7 12.Qc2 Ne5 13.c4 dxc4 14.Nxc4 Nxc4 15.
dxc4 c5 16.Rad1 Rad8 17.Nh4 g6 18.Bd5 Qc7 19.Ng2 Be5 20.Bxf7+ Kxf7 21.f4 
Bd6 22.e4 fxe4 23.Qxe4 Rfe8 24.Qd5+ Kg7 25.Qf3 Be7 26.Ne3 f5 27.g4 fxg4 
28.Qxg4 Rxd1 29.Rxd1 Rd8 30.Nd5 Qd7 31.Qf3 Bf6 32.b3 b5 33.Re1 bxc4 34.
bxc4 Re8 35.Re2 Rxe2 36.Qxe2 Qh3 37.Nxf6 Kxf6 38.Qe5+ Kf7 39.Qd5+ Kg7 40.
Qe5+ Kg8 1/2-1/2

[Event "2nd GMA World Cup prel  #3"]
[Site "Palma de Mallorca"]
[Date "1989.??.??"]
[Round "8"]
[White "Gelfand, Boris"]
[Black "Makarichev, Sergei"]
[Result "1/2-1/2"]
[WhiteElo "2590"]
[BlackElo "2510"]
[EventDate "1989.12.??"]
[PlyCount "25"]

1.d4 e6 2.e4 d5 3.Nd2 c5 4.Ngf3 Nf6 5.exd5 Nxd5 6.Nb3 Nd7 7.Bb5 Qb6 8.Qe2 
cxd4 9.O-O a6 10.Bc4 N7f6 11.Nbxd4 Bc5 12.c3 O-O 13.Bd3 1/2-1/2

[Event "2nd GMA World Cup prel  #3"]
[Site "Palma de Mallorca"]
[Date "1989.??.??"]
[Round "8"]
[White "Rashkovsky, Nukhim"]
[Black "Smyslov, Vassily"]
[Result "1/2-1/2"]
[WhiteElo "2520"]
[BlackElo "2570"]
[EventDate "1989.12.??"]
[PlyCount "47"]

1.d4 d5 2.c4 c6 3.Nf3 Nf6 4.Qc2 g6 5.Bf4 Bf5 6.Qb3 Qb6 7.c5 Qxb3 8.axb3 
Nbd7 9.b4 a6 10.Nc3 Rc8 11.h3 Ne4 12.g4 Nxc3 13.bxc3 Be4 14.Rg1 Bxf3 15.
exf3 Bg7 16.Be3 e6 17.Kd2 O-O 18.f4 f5 19.g5 Kf7 20.h4 h5 21.Kc2 Rfd8 22.
Bd3 Nf8 23.Rge1 Rd7 24.Ra2 1/2-1/2

[Event "2nd GMA World Cup prel  #3"]
[Site "Palma de Mallorca"]
[Date "1989.??.??"]
[Round "8"]
[White "Kovacevic, Vladimir"]
[Black "Vladimirov, Evgeny"]
[Result "1/2-1/2"]
[WhiteElo "2515"]
[BlackElo "2565"]
[EventDate "1989.12.??"]
[PlyCount "79"]

1.d4 d5 2.Nf3 Bf5 3.Bf4 e6 4.e3 Bd6 5.c4 Bxf4 6.exf4 Bxb1 7.Rxb1 dxc4 8.
Bxc4 Ne7 9.O-O O-O 10.Qb3 b6 11.Qd3 Nd7 12.Rfe1 Nf6 13.Rbd1 Ng6 14.g3 Qd6 
15.Ng5 Rae8 16.Bb3 Re7 17.h4 Rfe8 18.Qf3 h6 19.Ne4 Nxe4 20.Rxe4 c6 21.Rde1
Nf8 22.f5 exf5 23.Qxf5 Qg6 24.Qxg6 Nxg6 25.Rxe7 Nxe7 26.d5 Kf8 27.dxc6 
Nxc6 28.Rxe8+ Kxe8 29.Ba4 Kd7 30.Kg2 Kd6 31.Kf3 b5 32.Bd1 Nb4 33.Ke4 Nxa2 
34.Bb3 Nb4 35.Bxf7 a5 36.f4 a4 37.h5 Nc6 38.g4 b4 39.g5 a3 40.bxa3 1/2-1/2

[Event "2nd GMA World Cup prel  #3"]
[Site "Palma de Mallorca"]
[Date "1989.??.??"]
[Round "8"]
[White "Lein, Anatoly"]
[Black "Chandler, Murray Graham"]
[Result "0-1"]
[WhiteElo "2490"]
[BlackElo "2585"]
[EventDate "1989.12.??"]
[PlyCount "78"]

1.d4 Nf6 2.c4 e6 3.g3 Bb4+ 4.Bd2 Be7 5.Bg2 d5 6.Nf3 O-O 7.O-O c6 8.Qc2 
Nbd7 9.Rd1 Ne4 10.Nc3 f5 11.Be1 Qe8 12.Rab1 Qh5 13.b4 Nb6 14.Ne5 Bf6 15.c5
Bxe5 16.cxb6 Bd6 17.Na4 f4 18.bxa7 fxg3 19.hxg3 Rxa7 20.Nb6 Ng5 21.Rb3 Bc7
22.Nxc8 Rxc8 23.b5 Bd6 24.Bb4 Bxb4 25.Rxb4 Rf8 26.Rdb1 Qg4 27.R1b3 cxb5 
28.Bf3 Qh3 29.Rxb5 Ra4 30.Bg2 Qg4 31.R5b4 Rxb4 32.Rxb4 h5 33.Qd3 h4 34.
Rxb7 Ne4 35.f3 Qg5 36.fxe4 hxg3 37.Bf3 Qh4 38.Rb8 Qh2+ 39.Kf1 Qf2# 0-1

[Event "2nd GMA World Cup prel  #3"]
[Site "Palma de Mallorca"]
[Date "1989.??.??"]
[Round "8"]
[White "Kudrin, Sergei"]
[Black "Dizdarevic, Emir"]
[Result "1/2-1/2"]
[WhiteElo "2570"]
[BlackElo "2495"]
[EventDate "1989.12.??"]
[PlyCount "114"]

1.e4 c5 2.Nf3 e6 3.d4 cxd4 4.Nxd4 a6 5.Bd3 Nf6 6.O-O d6 7.c4 Be7 8.b3 O-O 
9.Bb2 Re8 10.Nc3 Bf8 11.Qe2 g6 12.Rad1 Nbd7 13.Bb1 b6 14.Kh1 Bb7 15.Nc2 
Qc7 16.f4 Bg7 17.Ne3 Rad8 18.Qf2 Nc5 19.e5 dxe5 20.Rxd8 Rxd8 21.fxe5 Nfe4 
22.Nxe4 Bxe4 23.Bxe4 Nxe4 24.Qh4 Nc5 25.Ng4 Rd7 26.Nf6+ Bxf6 27.exf6 Qd8 
28.Qh6 Qf8 29.Qe3 a5 30.h3 Rd3 31.Qf4 Rd7 32.Bd4 Qd8 33.Be3 Qf8 34.Kg1 Qd6
35.Qh6 Qf8 36.Qh4 h5 37.Qg5 Ne4 38.Qb5 Qc8 39.Qxb6 Ng3 40.Re1 a4 41.Bf2 
Nf5 42.Qa5 axb3 43.axb3 Rd3 44.Qb4 Qd8 45.c5 Rd2 46.Qc3 Qd5 47.c6 Nh4 48.
Qg3 Nf5 49.Qc3 Nh4 50.Qg3 Nf5 51.Qf4 Rc2 52.c7 Kh7 53.Rf1 e5 54.Qg5 Rxc7 
55.Bb6 Rb7 56.Rxf5 Rxb6 57.Rxe5 Qxb3 1/2-1/2

[Event "2nd GMA World Cup prel  #3"]
[Site "Palma de Mallorca"]
[Date "1989.??.??"]
[Round "8"]
[White "Eingorn, Vyacheslav"]
[Black "Lalic, Bogdan"]
[Result "1/2-1/2"]
[WhiteElo "2560"]
[BlackElo "2500"]
[EventDate "1989.12.??"]
[PlyCount "48"]

1.d4 Nf6 2.Nf3 g6 3.c4 Bg7 4.Nc3 d5 5.Qb3 dxc4 6.Qxc4 O-O 7.e4 Na6 8.Bf4 
c5 9.dxc5 Be6 10.Qb5 Bd7 11.Qxb7 Nxc5 12.Qb4 Ne6 13.Be5 a5 14.Qa3 Qb6 15.
Bc4 Rac8 16.Bxe6 Bxe6 17.O-O Qb4 18.Rfd1 Qxa3 19.bxa3 Rc5 20.Rab1 Ng4 21.
Bxg7 Kxg7 22.Nd5 Rc2 23.Rd2 Rxd2 24.Nxd2 Rd8 1/2-1/2

[Event "2nd GMA World Cup prel  #3"]
[Site "Palma de Mallorca"]
[Date "1989.??.??"]
[Round "8"]
[White "Gligoric, Svetozar"]
[Black "Azmaiparashvili, Zurab"]
[Result "1/2-1/2"]
[WhiteElo "2485"]
[BlackElo "2575"]
[EventDate "1989.12.??"]
[PlyCount "115"]

1.d4 d6 2.e4 g6 3.Nc3 Bg7 4.Nf3 Nf6 5.Be2 O-O 6.O-O c6 7.Re1 Qa5 8.e5 dxe5
9.Nxe5 Nbd7 10.Bf4 Nxe5 11.Bxe5 Rd8 12.a3 Nd5 13.Nxd5 Bxe5 14.Bf3 Bxh2+ 
15.Kxh2 cxd5 16.Rxe7 Qb6 17.Re3 Bf5 18.b4 Rac8 19.c3 Be4 20.Bxe4 dxe4 21.
Qb3 Rc6 22.Kg1 Qc7 23.Rae1 Kf8 24.b5 Rc4 25.Rxe4 Rc8 26.a4 Rxc3 27.Qb4+ 
Kg7 28.d5 Qb6 29.d6 Rc2 30.R1e3 a5 31.Qd4+ Qxd4 32.Rxd4 Rd8 33.Re7 b6 34.
Rb7 Kf6 35.Rxb6 Ke5 36.Rd1 Rc4 37.Rc6 Rxc6 38.bxc6 Rxd6 39.f4+ Ke6 40.Re1+
Kd5 41.c7 Rc6 42.Re5+ Kd4 43.Re7 f5 44.Kf2 Kc5 45.Ke3 Kb4 46.Rxh7 Kxa4 47.
Rg7 Kb4 48.g4 fxg4 49.Rxg6 Rxc7 50.f5 g3 51.Rg4+ Kb5 52.Kd2 a4 53.Rxg3 Kb4
54.f6 a3 55.f7 Rxf7 56.Kc2 Rf2+ 57.Kb1 Rf1+ 58.Ka2 1/2-1/2

[Event "2nd GMA World Cup prel  #3"]
[Site "Palma de Mallorca"]
[Date "1989.??.??"]
[Round "8"]
[White "Suba, Mihai"]
[Black "Gavrikov, Viktor"]
[Result "1-0"]
[WhiteElo "2500"]
[BlackElo "2555"]
[EventDate "1989.12.??"]
[PlyCount "129"]

1.c4 Nf6 2.Nc3 c5 3.Nf3 e6 4.g3 b6 5.Bg2 Bb7 6.O-O Be7 7.d4 cxd4 8.Qxd4 d6
9.Bg5 a6 10.Bxf6 Bxf6 11.Qd3 Ra7 12.Rfd1 Be7 13.Ne4 O-O 14.Qe3 Ba8 15.Rac1
Nc6 16.a3 Rd7 17.Nc3 Na5 18.Nd2 Bxg2 19.Kxg2 Qb8 20.b4 Nc6 21.f4 Rc8 22.
Nf3 Qb7 23.Kh3 g6 24.g4 Nd8 25.Na4 Rb8 26.c5 dxc5 27.bxc5 Rxd1 28.Rxd1 
bxc5 29.Ne5 Qb3 30.Nc3 Qxa3 31.Nc4 Qb4 32.Rb1 Qxc4 33.Rxb8 Kg7 34.Rc8 e5 
35.f5 h5 36.gxh5 Qh4+ 37.Kg2 Qg4+ 38.Qg3 Qxf5 39.Rc7 Bd6 40.Ra7 Qxh5 41.
Rd7 Ne6 42.Rxd6 Nf4+ 43.Kf1 Qf5 44.e4 Qc8 45.Qh4 Nh5 46.Nd5 Qe8 47.Ne3 
Qb5+ 48.Kf2 Qb2+ 49.Kf3 Qc3 50.Qe7 a5 51.h4 a4 52.Rd7 Qb3 53.Rb7 Qa2 54.
Qxe5+ Kh7 55.Qd5 Qa1 56.Rxf7+ Ng7 57.Qd1 Qa2 58.Ra7 a3 59.h5 Qh2 60.hxg6+ 
Kxg6 61.Qd7 Qh1+ 62.Ke2 Qh2+ 63.Kd3 c4+ 64.Nxc4 Qg3+ 65.Ne3 1-0

[Event "2nd GMA World Cup prel  #3"]
[Site "Palma de Mallorca"]
[Date "1989.??.??"]
[Round "8"]
[White "Gheorghiu, Florin"]
[Black "Ftacnik, Lubomir"]
[Result "0-1"]
[WhiteElo "2500"]
[BlackElo "2550"]
[EventDate "1989.12.??"]
[PlyCount "120"]

1.c4 Nf6 2.d4 g6 3.f3 d5 4.cxd5 Nxd5 5.e4 Nb6 6.Nc3 Bg7 7.Be3 O-O 8.f4 Nc6
9.d5 Nb8 10.a4 e5 11.fxe5 Bxe5 12.Nf3 Bg4 13.Qd2 Bxf3 14.gxf3 c6 15.a5 Nc8
16.Bc4 Nd6 17.Bb3 Nd7 18.dxc6 bxc6 19.O-O Rb8 20.Ba2 Rb4 21.Rfd1 Qh4 22.
Rac1 c5 23.Rc2 Rfb8 24.Qg2 Bd4 25.Bxd4 Rxd4 26.Qg3 Qxg3+ 27.hxg3 Ne5 28.
Kf2 Nd3+ 29.Ke3 Nb4 30.Rcc1 Nxa2 31.Nxa2 Rxb2 32.Nc3 Nc4+ 33.Kf4 Nxa5 34.
Nd5 Nb3 35.Rxd4 Nxd4 36.Ke5 Nxf3+ 37.Kf6 Nd2 38.e5 Rb7 39.e6 fxe6 40.Kxe6 
Ne4 41.g4 Kg7 42.Rc4 Nf6 43.Nxf6 Rb6+ 44.Ke5 Rxf6 45.Rxc5 Rf7 46.Ke6 Rb7 
47.g5 a6 48.Rc6 Ra7 49.Rc4 a5 50.Ra4 Ra8 51.Kd6 h6 52.gxh6+ Kxh6 53.Ke5 g5
54.Kf5 Kh5 55.Ra1 Rf8+ 56.Ke5 g4 57.Rxa5 g3 58.Ra7 Kg4 59.Rg7+ Kh3 60.Ra7 
g2 0-1

[Event "2nd GMA World Cup prel  #3"]
[Site "Palma de Mallorca"]
[Date "1989.??.??"]
[Round "8"]
[White "Browne, Walter Shawn"]
[Black "Gurevich, Dmitry"]
[Result "1-0"]
[WhiteElo "2555"]
[BlackElo "2490"]
[EventDate "1989.12.??"]
[PlyCount "77"]

1.d4 Nf6 2.c4 e6 3.Nf3 c5 4.d5 exd5 5.cxd5 d6 6.Nc3 g6 7.Nd2 Bg7 8.e4 O-O 
9.Be2 Ne8 10.O-O Na6 11.Nc4 f5 12.exf5 Bxf5 13.Bf4 Rb8 14.Bg3 b5 15.Ne3 
Bd7 16.a4 Nac7 17.axb5 Nxb5 18.Nxb5 Bxb5 19.Bxb5 Rxb5 20.Rxa7 Rxb2 21.Nc4 
Rb4 22.Qe2 Qb8 23.Rd7 Qb5 24.Qe6+ Kh8 25.Bxd6 Nxd6 26.Nxd6 Qxf1+ 27.Kxf1 
Rb1+ 28.Ke2 Rb2+ 29.Kd1 Rb1+ 30.Ke2 Rb2+ 31.Kd1 Rb1+ 32.Kc2 Rb2+ 33.Kc1 
Rbxf2 34.Rf7 Bb2+ 35.Kd1 R8xf7 36.Nxf7+ Kg7 37.Ne5 Rf4 38.Qe7+ Kg8 39.Nd3 
1-0

[Event "2nd GMA World Cup prel  #3"]
[Site "Palma de Mallorca"]
[Date "1989.??.??"]
[Round "8"]
[White "Hulak, Krunoslav"]
[Black "Campora, Daniel Hugo"]
[Result "1-0"]
[WhiteElo "2550"]
[BlackElo "2495"]
[EventDate "1989.12.??"]
[PlyCount "89"]

1.d4 d5 2.c4 e6 3.Nc3 Nf6 4.Bg5 Be7 5.e3 h6 6.Bxf6 Bxf6 7.Nf3 O-O 8.Rc1 c6
9.Bd3 Nd7 10.cxd5 exd5 11.b4 Nb6 12.O-O Be6 13.b5 cxb5 14.Nxb5 Nc4 15.Bxc4
dxc4 16.e4 Qb6 17.Nc3 Rfd8 18.d5 Bg4 19.Re1 Be5 20.h3 Bxf3 21.Qxf3 Rd6 22.
Qe2 Rc8 23.Nd1 Qc7 24.Ne3 b5 25.Nf5 Rdd8 26.Qg4 Kh7 27.f4 Bb2 28.Rc2 Qb6+ 
29.Kh2 g6 30.Rxb2 c3 31.Rb3 gxf5 32.Qxf5+ Kg8 33.e5 b4 34.e6 Rc7 35.Qf6 
Rf8 36.Qxh6 f5 37.Qh4 Rg7 38.Re2 Rc8 39.e7 Qb5 40.Qe1 Re8 41.d6 Qc6 42.
Rxb4 c2 43.Rb8 Kf7 44.Rxe8 Kxe8 45.Rxc2 1-0

[Event "2nd GMA World Cup prel  #3"]
[Site "Palma de Mallorca"]
[Date "1989.??.??"]
[Round "8"]
[White "Popovic, Petar"]
[Black "Kuzmin, Gennady"]
[Result "1-0"]
[WhiteElo "2550"]
[BlackElo "2495"]
[EventDate "1989.12.??"]
[PlyCount "83"]

1.e4 e5 2.Nf3 Nc6 3.Bb5 a6 4.Ba4 Nf6 5.O-O Be7 6.Re1 b5 7.Bb3 d6 8.c3 O-O 
9.h3 Na5 10.Bc2 c5 11.d4 exd4 12.cxd4 Bb7 13.Bf4 Nc6 14.Nc3 cxd4 15.Nxd4 
Nxd4 16.Qxd4 Rc8 17.Bb3 Qc7 18.Rac1 Qc5 19.Qd2 Qb4 20.Qd1 Qa5 21.Bd2 Qd8 
22.a3 Re8 23.Qf3 Bf8 24.Bg5 Be7 25.Rcd1 h6 26.Be3 Qa5 27.Bd2 Qb6 28.Qg3 
Kf8 29.Be3 Qa5 30.Bd4 b4 31.Bxf6 Bxf6 32.Qxd6+ Be7 33.Qf4 Qh5 34.axb4 Bxb4
35.e5 Bxc3 36.bxc3 Re7 37.Bd5 Bxd5 38.Rxd5 Qg6 39.Qb4 Qc6 40.Rdd1 Ke8 41.
Rd6 Qb5 42.Qg4 1-0

[Event "2nd GMA World Cup prel  #3"]
[Site "Palma de Mallorca"]
[Date "1989.??.??"]
[Round "8"]
[White "Vaiser, Anatoly"]
[Black "Gufeld, Eduard"]
[Result "1/2-1/2"]
[WhiteElo "2555"]
[BlackElo "2490"]
[EventDate "1989.12.??"]
[PlyCount "20"]

1.d4 d6 2.e4 Nf6 3.Nc3 g6 4.Nf3 Bg7 5.Be2 O-O 6.O-O Bg4 7.Be3 Nc6 8.d5 
Bxf3 9.Bxf3 Ne5 10.Be2 c6 1/2-1/2

[Event "2nd GMA World Cup prel  #3"]
[Site "Palma de Mallorca"]
[Date "1989.??.??"]
[Round "8"]
[White "Vyzhmanavin, Alexei"]
[Black "Petrosian, Arshak"]
[Result "1-0"]
[WhiteElo "2555"]
[BlackElo "2490"]
[EventDate "1989.12.??"]
[PlyCount "81"]

1.d4 Nf6 2.c4 e6 3.Nf3 d5 4.Nc3 Be7 5.Bg5 h6 6.Bh4 O-O 7.e3 b6 8.Bd3 Bb7 
9.O-O Nbd7 10.Bg3 c5 11.Qe2 Ne4 12.cxd5 exd5 13.Rad1 Ndf6 14.dxc5 Nxc3 15.
bxc3 Bxc5 16.Nd4 Qe7 17.Bh4 Qe5 18.f4 Qd6 19.Nb3 Rfe8 20.Nxc5 bxc5 21.c4 
Qe6 22.Bxf6 Qxf6 23.cxd5 Bxd5 24.e4 c4 25.Bb1 Rad8 26.e5 Qb6+ 27.Kh1 Qc6 
28.f5 c3 29.f6 g6 30.Bd3 Rb8 31.Rb1 Rxb1 32.Rxb1 Rd8 33.h3 Bxg2+ 34.Qxg2 
Qxg2+ 35.Kxg2 Rxd3 36.Rb8+ Kh7 37.e6 Rd2+ 38.Kf3 Rd6 39.e7 Rxf6+ 40.Kg2 
Re6 41.e8=Q 1-0